000 00599nam a2200229Ia 4500
003 OSt
005 20221005121348.0
006 a|||||r|||| 00| 0
007 ta
008 221004b |||||||| |||| 00| 0 ara d
024 _a9360
037 _cTextual
040 _aCRL
_cCRL
_bara
041 _2ara
_aara
082 _aO168,1NHA:g, 28P4
100 _aSulaiman Ashraf Mohammad
_9630472
245 0 _aHali wa al- adab al- Arabi
260 _c2004
650 _aURDU POETRY
942 _hO168,1NHA:g, 28P4
_cTEXL
_2cc
999 _c1040910
_d1040910